000 00312nam a22001337a 4500
008 170831b xxu||||| |||| 00| 0 eng d
020 _a9780534636210
041 _aeng
080 _26TH
_a070
100 _a40
101 _aMED
245 _aSTRATEGIC ORGANIZATIONAL COMMUNICATION
_cCONRAD,CH
942 _2udc
_cBK
999 _c25729
_d25729